000 00686pam a2200229 a 4500
999 _c1561
_d1561
001 015582556
003 UkOxU
005 20230112110605.0
008 011015s2000 enka j 000 1 eng d
015 _aGB A0-65077
020 _a9780007106165
035 _aBNB2663.293
040 _aDB/U-1
_c.
_dKH8
082 0 _a813.54 CAR
_221
100 1 _aCarle, Eric.
_eauthor
245 1 0 _aDoes a kangaroo have a mother too? /
_cby Eric Carle.
260 _aLondon :
_bCollins,
_c2000.
300 _a[24] p. :
_bchiefly col. ill. ;
_c23 x 29 cm.
650 0 _aAnimals
_vPictorial works
_vJuvenile fiction.
650 0 _aAnimals
_xInfancy
_vPictorial works
_vJuvenile fiction.
942 _2ddc
_cNFIC